000 01608cam a2200169 4500500
005 20260405085543.0
041 _afre
042 _adc
100 1 0 _aSieroff, Éric
_eauthor
700 1 0 _aDrozda-Senkowska, Ewa
_eauthor
700 1 0 _aErgis, Anne-Marie
_eauthor
700 1 0 _aMoutier, Sylvain
_eauthor
245 0 0 _aPsychologie de l'anticipation
260 _bArmand Colin,
_c2014.
520 _aLes relations de l’humain au temps sont des marqueurs forts de son identité et de sa culture individuelle et collective, et l’anticipation y occupe une place de choix. Qu’en dit la psychologie contemporaine dans sa riche diversité ? Réunissant des auteurs appartenant à tous les champs de la psychologie, l’ouvrage envisage les divers aspects de l’anticipation, allant de son contexte social jusqu’à ses mécanismes intimes au niveau du cerveau. Il présente l’anticipation en rapport avec les questions de l’homme dans la société et dans son environnement de travail, dans ses relations avec l’émotion, la prise de décision et les risques, puis dans ses aspects cognitifs et neuropsychologiques ainsi que cliniques. Cette perspective permet de voir les similitudes et les différences de ces différentes approches, et les réponses qu’elles proposent aux multiples questions sur l’anticipation. Toutefois, toutes les théories insistent sur le coût cognitif et émotionnel de l’anticipation, qui en fait une notion centrale de la psychologie.
856 4 1 _uhttps://shs.cairn.info/psychologie-de-l-anticipation--9782200287740?lang=fr&redirect-ssocas=7080
999 _c2198460
_d2198460